Corporate Sustainability in the Energy Sector Exxonmobil’s SDG Alignment from 2017 to 2022
| Main Author: | |
|---|---|
| Format: | Book part |
| Published: |
Budapesti Gazdaságtudományi Egyetem
Budapest
2026
|
| Series: | ESG - Risk Management or New Sustainability? VIII.BUEB International Sustainability Student ConferenceProceedings - Budapest University of Economics and Business 2025
|
| Subjects: | |
| doi: | 10.29180/978-615-6886-27-9_1 |
| Kulcsszavak: | Sustainable Development Goals (SDGs) Corporate Reporting Oil and Gas Industry Corporate Sustainability Strategies ESG |
| Online Access: | http://publikaciotar.uni-bge.hu/2631 |
MARC
| LEADER | 00000naa a2200000 i 4500 | ||
|---|---|---|---|
| 001 | publ2631 | ||
| 005 | 20260326113746.0 | ||
| 008 | 260326s2026 hu o 000 zxx d | ||
| 020 | |a 978-615-6886-27-9 | ||
| 024 | |a 10.29180/978-615-6886-27-9_1 |2 doi | ||
| 040 | |a BGE Publikációtár Repozitórium |b hun | ||
| 100 | 1 | |a Antal Katinka | |
| 245 | 1 | 0 | |a Corporate Sustainability in the Energy Sector |b Exxonmobil’s SDG Alignment from 2017 to 2022 |c Antal Katinka |h [elektronikus dokumentum] |
| 260 | |a Budapesti Gazdaságtudományi Egyetem |b Budapest |c 2026 | ||
| 300 | |a 1-7 | ||
| 490 | 0 | |a ESG - Risk Management or New Sustainability? VIII.BUEB International Sustainability Student ConferenceProceedings - Budapest University of Economics and Business 2025 | |
| 650 | 4 | |a bio-, környezet- és vegyészmérnöki tudományok | |
| 695 | |a Sustainable Development Goals (SDGs) | ||
| 695 | |a Corporate Reporting | ||
| 695 | |a Oil and Gas Industry | ||
| 695 | |a Corporate Sustainability Strategies | ||
| 695 | |a ESG | ||
| 856 | 4 | 0 | |u https://publikaciotar.uni-bge.hu/id/eprint/2631/1/SUS%20Conference%20Proceedings%20-%20ESG%20Risk%20Managenemt_1.cikk.pdf |z Dokumentum-elérés |